00698nam a2200181 a 450000100060000000300090000600800410001504000280005608200160008410000540010024501370015426000420029130000110033350500730034465000320041765000360044965000310048515787CO-ViMGA141112s2004 ck r 000 u spa d aCO-ViMGAbspacCO-ViMGA04a340.1 C656j1 aColombia : Ministerio de Justicia y del Derecho, 10aJusticia para la gente , una visión alternativa . Desarrollo gubernamental del plan social de justicia para el periodo 1994 - 1998 aBogotá, cImprenta Nacional, c1995 a127.p. aJusticia paz y desarrollo La Justicia Colombiana de finales de siglo14aDERECHOS CIVILES - COLOMBIA14aIGUALDAD ANTE LA LEY - COLOMBIA14aJUSTICIA SOCIAL - COLOMBIA